Industrial Relations (Conceptual and Legal Framework) (Record no. 42693)

MARC details
000 -LEADER
fixed length control field 00426nam a2200169Ia 4500
008 - FIXED-LENGTH DATA ELEMENTS--GENERAL INFORMATION
fixed length control field 230524s9999 xx 000 0 und d
020 ## - INTERNATIONAL STANDARD BOOK NUMBER
ISBN 9788184880456
082 ## - DEWEY DECIMAL CLASSIFICATION NUMBER
Classification number 331
Item number SAR
100 ## - MAIN ENTRY--AUTHOR NAME
Personal name A.M.Sarma
245 #0 - TITLE STATEMENT
Title Industrial Relations (Conceptual and Legal Framework)
250 ## - EDITION STATEMENT
Edition statement 9TH
260 ## - PUBLICATION, DISTRIBUTION, ETC. (IMPRINT)
Place of publication MUMBAI
Name of publisher Himalaya
Year of publication 2008
300 ## - PHYSICAL DESCRIPTION
Number of Pages XII;431
500 ## - GENERAL NOTE
General note Quantity Number: 10
650 ## - SUBJECT ADDED ENTRY--TOPICAL TERM
Topical Term Management
942 ## - ADDED ENTRY ELEMENTS (KOHA)
Koha item type Books
Holdings
Lost status Damaged status Permanent Location Current Location Shelving location Date acquired Full call number Accession Number Koha item type
    Central Library, Trident Academy of Technology Central Library, Trident Academy of Technology General Stacks 05/24/2023 331 SAR 29742 Books
    Central Library, Trident Academy of Technology Central Library, Trident Academy of Technology General Stacks 05/24/2023 331 SAR 29743 Books
    Central Library, Trident Academy of Technology Central Library, Trident Academy of Technology General Stacks 05/24/2023 331 SAR 29744 Books
    Central Library, Trident Academy of Technology Central Library, Trident Academy of Technology General Stacks 05/24/2023 331 SAR 29745 Books
    Central Library, Trident Academy of Technology Central Library, Trident Academy of Technology General Stacks 05/24/2023 331 SAR 29746 Books
    Central Library, Trident Academy of Technology Central Library, Trident Academy of Technology General Stacks 05/24/2023 331 SAR 29747 Books
    Central Library, Trident Academy of Technology Central Library, Trident Academy of Technology General Stacks 05/24/2023 331 SAR 29748 Books
    Central Library, Trident Academy of Technology Central Library, Trident Academy of Technology General Stacks 05/24/2023 331 SAR 29749 Books
    Central Library, Trident Academy of Technology Central Library, Trident Academy of Technology General Stacks 05/24/2023 331 SAR 29750 Books
    Central Library, Trident Academy of Technology Central Library, Trident Academy of Technology General Stacks 05/24/2023 331 SAR 29751 Books
Trident Academy of Technology © 2023.
All rights reserved.                                                                                                                                                                                                        Designed by Team of Central Library .

Powered by Koha